000 00687nam a2200265Ia 4500
003 OSt
005 20221006150420.0
006 a|||||r|||| 00| 0
007 ta
008 221006b |||||||| |||| 00| 0 jpn d
020 _c¥600
024 _a18,541
037 _bGift, Japan Foundation
_cTextual
040 _aEASL
_cEASL
_bjpn
041 _2jpn
_ajpn
082 _aO42,3N24, L7
100 _aKUROIWA Jugo
_9656563
245 0 _aNingen o uru
260 _aTokyo
_bKodansha Japan
_c1977
300 _a374p.
_ccm.
490 _v JL
650 _aJL
942 _hO42,3N24, L7
_cTEXL
_2CC
999 _c1086627
_d1086627